Табу лидерства. О чем молчат капитаны бизнеса: пер. с англ.

Bibliografiske detaljer
Hovedforfatter: Смит Э. Ф. Энтони Ф.
Summary:Современные пособия по лидерству предназначены для инопланетян, а в лучшем случае — для сверхлюдей с золотым сердцем, живущих ради интересов своих акционеров и сотрудников. В реальной жизни таких людей нет. Бизнес-лидеры — это просто люди. Они жестоки, нетерпимы, конфликтны, нечестны, готовы на все ради личных выгод. В книге описаны навыки, которыми обладают настоящие капитаны бизнеса. Об этих навыках не принято говорить публично из боязни скандала, нарушения норм приличий, опасения быть уволенным. Однако эта книга научит лидеров не подавлять свои человеческие качества, а осознать их и использовать во благо себе и для эффективности своего бизнеса. Книга написана на основе интервью с лидерами 500 самых успешных (по версии Fortune) компаний и предназначена для современных менеджеров, желающих достичь успеха и быть реальными лидерами.
Sprog:russisk
Udgivet: Москва, Вершина, 2008
Serier:Актуальность. Компетентность. Достоверность
Fag:
Format: Bog
KOHA link:https://koha.lib.tpu.ru/cgi-bin/koha/opac-detail.pl?biblionumber=130173

MARC

LEADER 00000nam0a2200000 4500
001 130173
005 20231031133825.0
010 |a 9785962603971 
035 |a (RuTPU)RU\TPU\book\140975 
090 |a 130173 
100 |a 20080131d2008 m y0rusy50 ca 
101 1 |a rus  |c eng 
102 |a RU 
105 |a y z 001zy 
200 1 |a Табу лидерства. О чем молчат капитаны бизнеса  |e пер. с англ.  |f Э. Ф. Смит 
210 |a Москва  |a СПб.  |c Вершина  |d 2008 
215 |a 186 с. 
225 1 |a Актуальность. Компетентность. Достоверность 
320 |a Литература: с. 185-186. 
330 |a Современные пособия по лидерству предназначены для инопланетян, а в лучшем случае — для сверхлюдей с золотым сердцем, живущих ради интересов своих акционеров и сотрудников. В реальной жизни таких людей нет. Бизнес-лидеры — это просто люди. Они жестоки, нетерпимы, конфликтны, нечестны, готовы на все ради личных выгод. В книге описаны навыки, которыми обладают настоящие капитаны бизнеса. Об этих навыках не принято говорить публично из боязни скандала, нарушения норм приличий, опасения быть уволенным. Однако эта книга научит лидеров не подавлять свои человеческие качества, а осознать их и использовать во благо себе и для эффективности своего бизнеса. Книга написана на основе интервью с лидерами 500 самых успешных (по версии Fortune) компаний и предназначена для современных менеджеров, желающих достичь успеха и быть реальными лидерами. 
610 1 |a экономика 
610 1 |a управление 
610 1 |a руководство 
610 1 |a лидеры 
610 1 |a лидерство 
610 1 |a руководители 
610 1 |a психология 
686 |a У821  |v LBC/SL-A  |2 rubbk 
700 1 |a Смит  |b Э. Ф.  |g Энтони Ф. 
801 1 |a RU  |b 63413507  |c 20080131  |g PSBO 
801 2 |a RU  |b 63413507  |c 20120621  |g PSBO 
900 |a Психология лидерства 
900 |a Психология лидерства и руководства 
942 |c BK